| 000 | 00800nam a22001937a 4500 | ||
|---|---|---|---|
| 999 |
_c1374 _d1374 |
||
| 003 | AR-CdUCM | ||
| 008 | 190226b ||||| |||| 00| 0 spa d | ||
| 040 |
_aMUNICIPALIDAD PROVINCIAL DEL CUSCO _cBIBLIOTECA MUNICIPAL DEL CUSCO |
||
| 082 |
_a352.48 / _bA49 |
||
| 100 |
_aAlvarez Illanes, Juan Francisco _95250 |
||
| 245 | _aPresupuesto publico 2010 presupuesto por resultados y presupuesto participativo / | ||
| 260 |
_aLima : _bPacífico , _c2010. |
||
| 300 |
_a1210 páginas ; _c25 cm. _e+ 1CD. |
||
| 505 | _aMapa conceptual del presupuesto publico -- Marco normativo del presupuesto publico -- Programación presupuestaria -- Ejecución presupuestaria... | ||
| 650 |
_aPresupuesto público. _95251 |
||
| 650 |
_aPresupuesto participativo. _95252 |
||
| 942 |
_2ddc _cLIBROS |
||
| 945 |
_awfj _d2019-02-26 |
||